01005nam a2200229Ia 4500952009600000999001700096008004100113020001500154050002000169100002900189245004800218250001800266260003300284300001700317490007300334500009600407505017800503519004700681650002100728650001900749942000700768 00104070a11b11d2010-06-18l0oPN1994 P5 1990p11 008691r2012-06-26t1w2012-06-26yLB c72652d72652120626s1990 mx 000 0 spa d a9682415977 aPN1994bP5 1990 aPoloniato, Aliciaeautor aCine y comunicación c/ Alicia, Poliniato a2a. edición aMéxico b: Trillasc, 1992 a66 páginas aSerie: Temas básicos: Área: Taller de lectura y redacciónv: 5 aIncluye: Indice de contenido, Presentación, Prólogo, Bibliografía, Indice analítico aFundamentos para una teoría del cine Aparato técnico del cine Elementos fundamentales para hacer una película Hacia una definición del cine Cómo ver cine  aMaterial Complementario / d(11 008691)  0aCINEMATOGRAFÍA 0aCOMUNICACIÓN cLB